Alurwat-Ul-Wusqa (Record no. 2145)

MARC details
000 -LEADER
fixed length control field 00605nam a2200241 a 4500
020 ## - INTERNATIONAL STANDARD BOOK NUMBER
ISBN
082 00 - DEWEY DECIMAL CLASSIFICATION NUMBER
Classification number 297.2
Author Cutter HAS1
100 ## - MAIN ENTRY--AUTHOR NAME
Author name Hasan Al, Mohammad Ehtesham
245 ## - TITLE STATEMENT
Title Alurwat-Ul-Wusqa
260 ## - PUBLICATION, DISTRIBUTION, ETC. (IMPRINT)
Place of publication Delhi
Name of publisher Payam-E-mashriq Book Depot
Year of publication 1925
300 ## - PHYSICAL DESCRIPTION
Number of Pages 22p
500 ## - GENERAL NOTE
General note includes index and biblioraphy
505 2# - FORMATTED CONTENTS NOTE
Formatted contents note Index
650 ## - SUBJECT ADDED ENTRY--TOPICAL TERM
Topical Term Islam-Doctrines-Conflicts
942 ## - ADDED ENTRY ELEMENTS (KOHA)
Koha item type
700 1# -
-- Hasan Al, Mohammad Ehtesham
Holdings
Home library Current library Date acquired Cost, normal purchase price Full call number Accession Number Koha item type
Henry Martyn Institute Library Henry Martyn Institute Library 07/05/2007 100.00 297.2 HAS1 4455 Archive Book
                   Copyright © 2026 | Henry Martyn Institute | Hyderabad | TS-500052 | INDIA | Implemented by hmi.edu.in
Hit-Count:

Powered by Koha